Štúrova účasť v slovenskom literárnom živote 160. výročie narodenia Ľudovíta Štúra

Bibliographic Details
Main Author: Kraus, Cyril, 1928-2012 (Author)
Format: Article
Language:Slovak
Subjects:

MARC

LEADER 00000nab a2200000 ar4500
001 vtls009333649
003 SK-MaSNL
005 20260304181205.0
008 080912c1975 xo |r|p||||||||00 ||slo
015 |a SNBRB2008/06  |2 snkbucl 
038 |a SNKBUCL 
040 |a SNKBUCL  |b slo  |c SNKBUCL  |e AACR2 
041 0 |a slo 
044 |a xo  |c SK 
080 |a 82:929:821.162.4  |2 2001 
080 |a 821.162.4:929  |2 2001 
080 |a 930.85(437.6)"18"-051  |2 2001 
080 |a 82-051  |2 2001 
080 |a 929 Štúr, Ľudovít  |2 2001 
100 1 |a Kraus, Cyril,  |d 1928-2012  |4 aut  |9 14532 
245 1 0 |a Štúrova účasť v slovenskom literárnom živote  |b 160. výročie narodenia Ľudovíta Štúra  |c Cyril Kraus 
600 1 7 |a Štúr, Ľudovít,  |d 1815-1856  |2 snkbucl  |9 92872 
648 7 |a 19. stor.  |2 snkbucl  |9 278793 
650 0 7 |a slovenská literatúra  |2 snkbucl  |9 1115 
650 0 7 |a štúrovci  |2 snkbucl  |9 59026 
773 0 |t Nové slovo  |g Roč. 17, č. 45 (1975), s. 8 
852 |a SNK  |b KIS3GCP 
958 |a LX 
958 |a BX 
958 |a PBCK20008 
999 |c 3022413  |d 3024343